| 000 | 00465nam a2200169Ia 4500 | ||
|---|---|---|---|
| 008 | 230524s9999 xx 000 0 und d | ||
| 082 |
_a401.6 _bDAS |
||
| 100 | _aBikram K.Das | ||
| 245 | 3 | _aAn introduction to Professional English & Soft Skills | |
| 250 | _aIST | ||
| 260 |
_aNEW DELHI _bFoundation _c2009 |
||
| 300 | _aXI;440 | ||
| 500 | _aQuantity Number: 410 | ||
| 650 | _aEnglish | ||
| 700 | _a" Kalyani Samantray,R.Nayak,S.Pani,S.Mohanty," | ||
| 942 | _cBK | ||
| 999 |
_c44323 _d44323 |
||